AutoCAD 2014 con 100 ejercicios prácticos / (Record no. 177013)
[ view plain ]
| 000 -CABECERA | |
|---|---|
| campo de control de longitud fija | 00977nam a2200313Ia 4500 |
| 001 - NÚMERO DE CONTROL | |
| campo de control | dia_5869 |
| 003 - IDENTIFICADOR DEL NÚMERO DE CONTROL | |
| campo de control | CHAP |
| 005 - FECHA Y HORA DE LA ÚLTIMA TRANSACCIÓN | |
| campo de control | 20251021160657.0 |
| 008 - DATOS DE LONGITUD FIJA--INFORMACIÓN GENERAL | |
| campo de control de longitud fija | 220117s2014 xx 000 0 und d |
| 010 ## - NÚMERO DE CONTROL DE LA BIBLIOTECA DEL CONGRESO | |
| Número de control de LC | 177013 |
| 020 ## - NÚMERO INTERNACIONAL ESTÁNDAR DEL LIBRO | |
| Número Internacional Estándar del Libro | 978-607-707-741-1 |
| 040 ## - FUENTE DE LA CATALOGACIÓN | |
| Centro/agencia transcriptor | CHAP |
| 082 ## - NÚMERO DE LA CLASIFICACIÓN DECIMAL DEWEY | |
| Número de clasificación | 620.00420285 M36 2014 |
| 110 ## - ENTRADA PRINCIPAL--NOMBRE DE ENTIDAD CORPORATIVA | |
| Nombre de entidad corporativa o nombre de jurisdicción como elemento de entrada | MEDIAactive |
| 9 (RLIN) | 124449 |
| 245 ## - MENCIÓN DE TÍTULO | |
| Título | AutoCAD 2014 con 100 ejercicios prácticos / |
| Mención de responsabilidad, etc. | MEDIAactive |
| 260 ## - PUBLICACIÓN, DISTRIBUCIÓN, ETC. | |
| Lugar de publicación, distribución, etc. | México : |
| Nombre del editor, distribuidor, etc. | Alfaomega :, |
| -- | Marcombo, |
| Fecha de publicación, distribución, etc. | 2014 |
| 300 ## - DESCRIPCIÓN FÍSICA | |
| Extensión | 213 p. |
| 440 ## - MENCIÓN DE SERIE/PUNTO DE ACCESO ADICIONAL--TÍTULO | |
| Título | Aprender...con 100 ejercicios prácticos |
| 9 (RLIN) | 159940 |
| 590 ## - NOTA LOCAL (RLIN) | |
| Nota local | T385 M36 2014 |
| 650 ## - PUNTO DE ACCESO ADICIONAL DE MATERIA--TÉRMINO DE MATERIA | |
| Término de materia o nombre geográfico como elemento de entrada | AutoCAD |
| 9 (RLIN) | 159941 |
| 650 ## - PUNTO DE ACCESO ADICIONAL DE MATERIA--TÉRMINO DE MATERIA | |
| Término de materia o nombre geográfico como elemento de entrada | AutoCAD (Programa de computadora) |
| 9 (RLIN) | 159942 |
| 650 ## - PUNTO DE ACCESO ADICIONAL DE MATERIA--TÉRMINO DE MATERIA | |
| Término de materia o nombre geográfico como elemento de entrada | Computer |
| Subdivisión general | aided design |
| 9 (RLIN) | 147301 |
| 650 ## - PUNTO DE ACCESO ADICIONAL DE MATERIA--TÉRMINO DE MATERIA | |
| Término de materia o nombre geográfico como elemento de entrada | Diseño asistido por computador |
| 9 (RLIN) | 147302 |
| 710 ## - PUNTO DE ACCESO ADICIONAL--NOMBRE DE ENTIDAD CORPORATIVA | |
| Nombre de entidad corporativa o nombre de jurisdicción como elemento de entrada | MEDIAactive |
| 9 (RLIN) | 124449 |
| 901 ## - ELEMENTOS DE DATOS A LOCAL LDA (RLIN) | |
| a | 620.00420285 M36 2014 |
| 902 ## - ELEMENTOS DE DATOS B LOCAL, LDB (RLIN) | |
| a | M |
| 905 ## - ELEMENTOS DE DATOS E LOCAL, LDE (RLIN) | |
| a | 5232272014 mx a 8222223322spa16 |
| 942 ## - ELEMENTOS DE PUNTO DE ACCESO ADICIONAL (KOHA) | |
| Tipo de ítem Koha | Libro |
| Fuente del sistema de clasificación o colocación | Dewey Decimal Classification |
| Estado de retiro | Estado de pérdida | Fuente del sistema de clasificación o colocación | Estado dañado | No para préstamo | Código de colección | Localización permanente | Ubicación/localización actual | Ubicación en estantería | Fecha de adquisición | Información codificada de la localización en otra ubicación | Total de préstamos | Renovaciones totales | Código de barras | Fecha visto por última vez | Fecha del último préstamo | Número de copia | Precio válido a partir de | Tipo de ítem Koha |
|---|---|---|---|---|---|---|---|---|---|---|---|---|---|---|---|---|---|---|
| Dewey Decimal Classification | General | Ingenieria Agroindustrial | Ingenieria Agroindustrial | 18/01/2022 | 1 | 2 | 2 | dia_009238 | 14/10/2024 | 27/09/2024 | 7 | 18/01/2022 | Libro | |||||
| Dewey Decimal Classification | General | Ingenieria Agroindustrial | Ingenieria Agroindustrial | 18/01/2022 | 1 | 1 | dia_009174 | 22/10/2025 | 22/10/2025 | 1 | 18/01/2022 | Libro | ||||||
| Dewey Decimal Classification | General | Ingenieria Agroindustrial | Ingenieria Agroindustrial | 18/01/2022 | 1 | dia_009175 | 18/01/2022 | 2 | 18/01/2022 | Libro | ||||||||
| Dewey Decimal Classification | General | Ingenieria Agroindustrial | Ingenieria Agroindustrial | 18/01/2022 | 1 | 1 | dia_009176 | 24/10/2022 | 24/10/2022 | 3 | 18/01/2022 | Libro | ||||||
| Dewey Decimal Classification | General | Ingenieria Agroindustrial | Ingenieria Agroindustrial | 18/01/2022 | 1 | dia_009177 | 18/01/2022 | 4 | 18/01/2022 | Libro | ||||||||
| Dewey Decimal Classification | General | Ingenieria Agroindustrial | Ingenieria Agroindustrial | 18/01/2022 | 1 | dia_009178 | 18/01/2022 | 5 | 18/01/2022 | Libro | ||||||||
| Dewey Decimal Classification | General | Ingenieria Agroindustrial | Ingenieria Agroindustrial | 18/01/2022 | 1 | dia_009237 | 18/01/2022 | 6 | 18/01/2022 | Libro |
